Tutti gli Stati che hanno controllato Mogadiscio - Statistics

Statistiche generali
  • Questo quiz è stato fatto 4 volte
  • Il punteggio medio è 14 su 19
Statistiche sulle risposte
con Immagini Hint Risposta % Corretto
2004 - 2012 Governo federale di transizione della Somalia
100%
1997 - 2004 Governo nazionale di transizione della Somalia
100%
1991 - 1997 Governo provvisorio della Somalia
100%
1945 - 1950 Impero Britannico (Amministrazione Militare Inglese della Somalia)
100%
1890 - 1892 Impero Britannico (Protettorato di Zanzibar)
100%
1542 Impero Portoghese
100%
1960 - 1969 Repubblica della Somalia
100%
1969 - 1991 Repubblica Democratica Somala
100%
2012 - Oggi Repubblica Federale della Somalia
100%
1950 - 1960 Repubblica Italiana (Amministrazione fiduciaria della Somalia)
100%
~100 - 805 Città-Stato di Sarapion
75%
1892 - 1941 Impero Coloniale Italiano
75%
1941 - 1945 Alleati (Impero Britannico)
50%
805 - 990 Città-Stato di Mogadiscio
50%
990 - 1215 Sultanato di Mogadiscio
50%
1215 - 1542 Sultanato degli Agiuran
25%
1542 - 1690 Sultanato degli Agiuran
25%
1690 - 1871 Sultanato di Gheledi
25%
1871 - 1890 Sultanato di Zanzibar
25%
Nessun quiz corrispondente trovato
Distribuzione punteggi
Percentuale di utenti per punteggio
Percentile per numero di risposta
I tuoi punteggi nel tempo
Non hai fatto questo quiz